Odznova

Bibliographic Details
Main Author: Rezník, Jaroslav, 1942- (Author)
Format: Article
Language:Slovak
Subjects:

MARC

LEADER 00000nab a2200000 a 4500
001 vtls008998976
003 SK-MaSNL
005 20260303064810.0
008 070614 2007 xo m 000 0 slo
015 |a SNBRB2007/06 
038 |a KEKMK 
040 |a KEKMK  |b slo  |c KEKMK  |e AACR2 
041 |a slo 
044 |a xo  |c SK 
080 |a 82-93  |2 2001 
100 1 |a Rezník, Jaroslav,  |d 1942-  |4 aut  |9 100140 
245 1 0 |a Odznova  |c Jaroslav Rezník 
650 0 7 |a literatúra pre deti a mládež  |2 kekmk  |9 21893 
773 0 |t Slniečko  |g Roč. 61, č.9 máj(2007) ,s.10. 
852 |a KEKMK  |b KIS3G 
958 |a DB 
999 |c 1748569  |d 1750499